Nádvorie Slovenského technického múzea Košice
Saved in:
| Main Author: | |
|---|---|
| Other Authors: | |
| Format: | Manuscript Book |
| Language: | Slovak |
| Published: |
2025
|
| Subjects: | |
| Online Access: | http://is.stuba.sk/zp/portal_zp.pl?podrobnosti=184160 |
| Tags: |
No Tags, Be the first to tag this record!
|
MARC
| LEADER | 00000ntm a22000003a 4500 | ||
|---|---|---|---|
| 001 | stuzp104989 | ||
| 003 | SK-STU | ||
| 005 | 20250607211014.7 | ||
| 007 | ta | ||
| 008 | 150427s2015----xo-----f-mn---000-0-slo-d | ||
| 040 | |a STU |b slo | ||
| 041 | 0 | |a slo | |
| 100 | 1 | |a Blážová, Gerda |u 055150 |4 aut |U FAD Fakulta architektúry a dizajnu |T FAD Ústav interiéru a výstavníctva |X 103559 |U A5150 |Y 396 |7 103559 | |
| 242 | 0 | 1 | |a Courtyard of the Slovak Technical Museum, Košice |y eng |
| 245 | 1 | 0 | |a Nádvorie Slovenského technického múzea Košice |
| 260 | |c 2025 | ||
| 650 | 4 | |a historical environment |2 eng | |
| 650 | 4 | |a roofing |2 eng | |
| 650 | 4 | |a courtyard |2 eng | |
| 650 | 4 | |a technical museum |2 eng | |
| 650 | 4 | |a timber structure |2 eng | |
| 650 | 4 | |a historické prostredie |2 slo | |
| 650 | 4 | |a prestrešenie |2 slo | |
| 650 | 4 | |a drevená konštrukcia |2 slo | |
| 650 | 4 | |a nádvorie |2 slo | |
| 650 | 4 | |a technické múzeum |2 slo | |
| 700 | 1 | |a Salcer, Igor |u 055150 |k Z8 |4 ths |U FAD Fakulta architektúry a dizajnu |T FAD Ústav interiéru a výstavníctva |X 29139 |U A5150 |Y 396 |7 A000029139 | |
| 856 | 4 | |u http://is.stuba.sk/zp/portal_zp.pl?podrobnosti=184160 | |